[Event "Penang op-B 11th"]
[Site "Penang"]
[Date "2019.12.13"]
[Round "7"]
[White "Zulkippli, Iskandar Haikal"]
[Black "Chee, Yi Hun"]
[Result "1-0"]
[WhiteElo "1404"]
[BlackElo "1688"]
[PlyCount "80"]
[EventDate "2019.12.09"]
[EventType "swiss"]
[EventRounds "9"]
[EventCountry "MAS"]
[SourceTitle "CBM 193 Extra"]
[Source "ChessBase"]
[SourceDate "2020.01.31"]
[SourceVersion "1"]
[SourceVersionDate "2020.01.31"]
[SourceQuality "1"]

1. d4 d5 2. Bf4 Nf6 3. e3 c5 4. c3 Qb6 5. Qb3 c4 6. Qc2 g6 7. Nd2 Bf5 8. Qc1 Bg7 9. Ngf3 0-0 10. Be2 Nbd7 11. Nh4 Kh8 12. Nxf5 gxf5 13. b3 cxb3 14. axb3 Ne4 15. Nxe4 fxe4 16. 0-0 e5 17. Bg3 Rac8 18. Qb2 f5 19. f4 exd4 20. cxd4 Rc6 21. Rfc1 Rfc8 22. Rxc6 Rxc6 23. Be1 Qc7 24. Rxa7 Rc2 25. Rxb7 Qc8 26. Qb1 Rc1 27. Qxc1 Qxc1 28. Kf2 Qc6 29. Ra7 Nf6 30. h3 h5 31. b4 Qb6 32. Ra6 Qb7 33. b5 Nd7 34. Ba5 Nb8 35. Rd6 Bf8 36. Rf6 Kg7 37. Rxf5 h4 38. Bd8 Qd7 39. Rg5+ Kf7 40. Bh5+ Ke6 1-0

[Event "Penang op 6th"]
[Site "Penang"]
[Date "2014.12.09"]
[Round "3"]
[White "Chee, Yi Hun"]
[Black "Saumy, Zainab"]
[Result "1-0"]
[WhiteElo "1688"]
[BlackElo "1533"]
[PlyCount "75"]
[EventDate "2014.12.08"]
[EventType "swiss"]
[EventRounds "9"]
[EventCountry "MAS"]
[SourceTitle "CBM 163 Extra"]
[Source "ChessBase"]
[SourceDate "2014.12.23"]
[SourceVersion "1"]
[SourceVersionDate "2014.12.23"]
[SourceQuality "1"]

1. e4 c5 2. Nf3 d6 3. d4 cxd4 4. Nxd4 Nf6 5. Nc3 a6 6. Bg5 e6 7. f4 h6 8. Bxf6 Qxf6 9. Qd2 g5 10. fxg5 hxg5 11. 0-0-0 g4 12. Kb1 Nc6 13. Nxc6 bxc6 14. Bc4 d5 15. exd5 cxd5 16. Bxd5 exd5 17. Rhe1+ Be6 18. Nxd5 Qd8 19. Nf6+ Ke7 20. Qb4+ Kxf6 21. Qc3+ Kg6 22. Rxd8 Rxd8 23. Qxh8 Rc8 24. Qd4 Bg7 25. Rxe6+ fxe6 26. Qxg4+ Kf6 27. c3 Rc5 28. Kc2 Rg5 29. Qf4+ Kg6 30. Qe4+ Kf7 31. h4 Rf5 32. g4 Rf2+ 33. Kb3 a5 34. Qb7+ Kg6 35. h5+ Kh7 36. Qe4+ Kh8 37. h6 Bf6 38. g5 1-0

[Event "Penang op-B 5th"]
[Site "Penang"]
[Date "2013.12.13"]
[Round "8"]
[White "Mohd Saprin, Amir Ghaazi"]
[Black "Chee, Yi Hun"]
[Result "1-0"]
[WhiteElo "1691"]
[BlackElo "1611"]
[PlyCount "67"]
[EventDate "2013.12.09"]
[EventType "swiss"]
[EventRounds "9"]
[EventCountry "MAS"]
[SourceTitle "CBM 158 Extra"]
[Source "ChessBase"]
[SourceDate "2014.02.28"]
[SourceVersion "1"]
[SourceVersionDate "2014.02.28"]
[SourceQuality "1"]

1. e4 e5 2. Nf3 Nc6 3. Bc4 Bc5 4. d3 h6 5. c3 d6 6. Bb3 Nf6 7. h3 0-0 8. Nbd2 Kh8 9. Nf1 Nh7 10. g4 Be6 11. Bc2 d5 12. Qe2 dxe4 13. dxe4 Bb6 14. Ng3 Re8 15. Nf5 Bxf5 16. gxf5 Qe7 17. Rg1 Qc5 18. Qf1 Nd4 19. Nxd4 exd4 20. Qg2 Rg8 21. Bd2 Ba5 22. Qg3 dxc3 23. Bxc3 Bxc3+ 24. bxc3 Rae8 25. 0-0-0 Ng5 26. Rd4 Qa3+ 27. Kb1 c5 28. Ra4 Nxe4 29. Rxa3 Nxg3 30. fxg3 a6 31. Bb3 Rgf8 32. Bd5 Re5 33. Bxb7 Rb8 34. Rb3 1-0

[Event "Penang op-B 5th"]
[Site "Penang"]
[Date "2013.12.12"]
[Round "7"]
[White "Chee, Yi Hun"]
[Black "Srivatanakul, Pricha"]
[Result "1-0"]
[WhiteElo "1611"]
[BlackElo "1743"]
[PlyCount "72"]
[EventDate "2013.12.09"]
[EventType "swiss"]
[EventRounds "9"]
[EventCountry "MAS"]
[SourceTitle "CBM 158 Extra"]
[Source "ChessBase"]
[SourceDate "2014.02.28"]
[SourceVersion "1"]
[SourceVersionDate "2014.02.28"]
[SourceQuality "1"]

1. e4 c6 2. d4 d5 3. exd5 cxd5 4. Bd3 Nf6 5. Nf3 Bg4 6. c3 Nc6 7. 0-0 e6 8. Bg5 Be7 9. Nbd2 h6 10. Bh4 0-0 11. Qb3 Na5 12. Qa4 a6 13. b4 Nc4 14. Qc2 b5 15. h3 Bxf3 16. Nxf3 Rc8 17. Bxc4 Rxc4 18. Nd2 Rc8 19. Bxf6 Bxf6 20. Nb3 Rc6 21. a4 Qd6 22. axb5 axb5 23. f4 Qxb4 24. cxb4 Rxc2 25. Ra5 Rb2 26. Rf3 Rb8 27. Ra7 Re2 28. Kh2 Re4 29. Na5 Bxd4 30. Ra6 Re3 31. Nc6 Rxf3 32. gxf3 Rb6 33. Ra8+ Kh7 34. Nxd4 Kg6 35. Ra5 h5 36. Rxb5 Rd6 1-0

[Event "Penang op-B 5th"]
[Site "Penang"]
[Date "2013.12.10"]
[Round "3"]
[White "Chee, Yi Hun"]
[Black "Abasolo, Krizza Lyn"]
[Result "1/2-1/2"]
[WhiteElo "1611"]
[BlackElo "1787"]
[PlyCount "49"]
[EventDate "2013.12.09"]
[EventType "swiss"]
[EventRounds "9"]
[EventCountry "MAS"]
[SourceTitle "CBM 158 Extra"]
[Source "ChessBase"]
[SourceDate "2014.02.28"]
[SourceVersion "1"]
[SourceVersionDate "2014.02.28"]
[SourceQuality "1"]

1. e4 e6 2. d4 d5 3. exd5 exd5 4. Bd3 c5 5. dxc5 Bxc5 6. Nf3 Ne7 7. 0-0 0-0 8. Bf4 Ng6 9. Bg3 Nc6 10. Nbd2 Be6 11. Nb3 Bb6 12. Re1 Re8 13. Qd2 Qf6 14. Bxg6 hxg6 15. c3 Qd8 16. Nfd4 Nxd4 17. Nxd4 Bxd4 18. Qxd4 a5 19. a4 Qd7 20. Be5 f6 21. Bg3 b5 22. h3 Bf7 23. axb5 Qxb5 24. Qf4 a4 25. Qd2 1/2-1/2